000 00569nam a2200229Ia 4500
003 OSt
005 20220924135331.0
006 a|||||r|||| 00| 0
007 ta
008 220923b |||||||| |||| 00| 0 ben d
024 _a290553
037 _cTextual
040 _aARTS
_cARTS
_bben
041 _2ben
_aben
082 _aO113:3xN5, 157K6
100 _aKale
_9197904
245 0 _aJarmaneer chhotogalpa
260 _c1966
650 _aGERMAN LITERATURE
_915713
942 _hO113:3xN5, 157K6
_cTEXL
_2CC
999 _c440310
_d440310